000 00691nam a2200289Ia 4500
005 20260324123719.0
008 008 260324s9999 xx 000 0 eng d
020 _a9780203136744
037 _aEBOOK
040 _aCRL
040 _beng
040 _cCRL
041 _2eng
041 _aeng
084 _qCRL
100 _aBent Sorensen
_91158132
245 2 _aA History of Energy
245 0 _bNorthern Europe from the Stone Age to the Present Day
260 _bTaylor and Francis
260 _c2011
365 _a
365 _b290
856 _uhttp://www.taylorfrancis.com/books/9780203136744
942 _cEBOOK
999 _c1765126
_d1765126